000 01297nam0a2200361 4500
001 RU\NLR\BIBL_A\011188782
005 20250625214148.0
010 _a978-5-17-095437-7
_93000
021 _aRU
_b2016-56595
_93590
035 _a(NILC)RuMoRGB-008551997
035 _a(NLR Aleph) 011188782
090 _a11856906
_c11856906
100 _a20160805d2016 |||y0rusy50 ca
101 0 _aeng
102 _aRU
105 _aa z 000ay
200 1 _aЛучшие английские сказки
_dBest English fairy tales
_fадапт. текста, коммент. и слов. Е. А. Лебедевой
_gил. В. Рябова
_zeng
210 _aМосква
_cLingua
_cАСТ
_d2016
215 _a126, [1] с.
_cил.
_d20
225 1 _aЛегко читаем по-английски
_e2 уровень
333 _a12+
510 1 _aBest English fairy tales
_zeng
606 1 _aАнглийский язык
_jКниги для чтения
_9972309
_3RU\NLR\AUTH\6646032
675 _a811.111
686 1 _aШ143.21-93рус91
702 1 _aЛебедева
_bЕ. А.
_4010
702 1 _aРябов
_bВ.
_4440
801 0 _aRU
_bРГБ
_c20160718
_gRCR
801 1 _aRU
_bРГБ
_c20160718
_2rusmarc
942 _cBOOK
980 _aNB